|
|
|
|
| LEADER |
01669nam a22002777i 4500 |
| 003 |
GR-PaULI |
| 005 |
20250317102045.0 |
| 008 |
170109s2002 gr o|||f |||| 00| 1 gre d |
| 952 |
|
|
|0 0
|1 0
|2 ddc
|4 0
|6 809_933000000000000_249_562_ΦΛΩ
|7 0
|9 208550
|a LISP
|b LISP
|c DON
|d 2017-01-09
|e ΒΑΛ
|i 127486
|l 0
|o 809.933 249 562 ΦΛΩ
|p 025000245470
|r 2017-01-09 00:00:00
|t 1
|v 2017.00
|w 2017-01-09
|y BK15
|
| 952 |
|
|
|0 0
|1 0
|2 ddc
|4 0
|6 809_933000000000000_249_562_ΦΛΩ
|7 0
|9 362417
|a LISP
|b LISP
|c DON
|d 2022-07-11
|e ΠΑΤ
|i 147459
|l 0
|o 809.933 249 562 ΦΛΩ
|p 025000294372
|r 2022-07-11 00:00:00
|t 2
|w 2022-07-11
|y BKN
|
| 952 |
|
|
|0 0
|1 0
|2 ddc
|4 0
|6 809_933000000000000_249_562_ΦΛΩ
|7 0
|9 378065
|a LISP
|b LISP
|c BSC
|d 2024-03-05
|e ΚΟΤ
|i 363945
|l 0
|o 809.933 249 562 ΦΛΩ
|p 025000306900
|r 2024-03-05 00:00:00
|t 3
|w 2024-03-05
|y BK15
|z Δωρεά Ελισάβετ και Παναγιώτη Κοτζιά
|
| 999 |
|
|
|c 126827
|d 126827
|
| 020 |
|
|
|a 9603753726
|
| 040 |
|
|
|a GR-PaULI
|b gre
|c GR-PaULI
|e AACR2
|
| 082 |
0 |
4 |
|2 23
|a 809.933 249 562
|
| 245 |
1 |
0 |
|a Φλώρινα /
|c επιλογή κειμένων Μίμης Σουλιώτης.
|
| 260 |
|
|
|a Αθήνα :
|b Μεταίχμιο,
|c 2002.
|
| 300 |
|
|
|a 251, [2] σ. :
|b εικ. ;
|c 24 εκ.
|
| 490 |
1 |
|
|a Μια πόλη στη λογοτεχνία
|v 6
|
| 490 |
1 |
|
|a Λογοτεχνία (Μεταίχμιο)
|
| 651 |
|
0 |
|9 159019
|a Φλώρινα
|x Στη λογοτεχνία
|
| 700 |
1 |
|
|a Σουλιώτης, Μίμης,
|d 1949-2012
|e επιμελητής.
|9 45564
|
| 830 |
|
0 |
|a Λογοτεχνία (Μεταίχμιο)
|9 155539
|
| 830 |
|
0 |
|9 155538
|a Μια πόλη στη λογοτεχνία (Μεταίχμιο)
|v 6
|
| 942 |
|
|
|2 ddc
|c BK15
|
| 998 |
|
|
|c ΛΟΤΣΑΡΗ
|d 2017-01
|